00000000nam##2200000za#4500
0019.657414
003CaOODSP
00520241125151439
007ta
008150407|1995||||xxc|||||     f|0| 0 fre|d
020 |a0-662-61619-7
040 |aCaOODSP|bfre
041 |aeng
041 |afre
043 |an-cn---
0861 |aE2-148/1995
1101 |aCanada. |bAffaires étrangères et commerce international Canada.
24510|aRéponse du gouvernement aux recommandations du Comité parlementaire mixte spécial chargé de l'examen de la politique étrangère du Canada
260 |aOttawa - Ontario : |bAffaires étrangères et Commerce international |c1995.
300 |aTexte français, 104p. ; |c28 cm.
500 |a«Ce document contient la réponse du Gouvernement à chacune des recommandations du rapport du Comité parlementaire mixte spécial chargé de l'examen de la politique étrangère, rapport intitulé La politique étrangère du Canada: principes et priorités pour l'avenir [N° de cat. YC3-351/5-52, ISBN 0-660-59773-X].»--Page 1.
5203 |aCe document contient la réponse du Gouvernement à chacune des recommandations du rapport du Comité parlementaire mixte spécial chargé de l'examen de la politique étrangère, rapport intitulé La politique étrangère du Canada: principes et priorités pour l'avenir [N° de cat. YC3-351/5-52, ISBN 0-660-59773-X].--Page 1
546 |aBilingue
563 |aCouverture souple
590 |a95-06|b1995-02-10
69107|aPolitique étrangère|2gcpds
7760#|tRéponse du gouvernement aux recommandations du Comité parlementaire mixte spécial chargé de l'examen de la politique étrangère du Canada.|w(CaOODSP)9.945545
791 |tGovernment response to the recommendations of the Special Joint Parliamentary Committee Reviewing Canadian Foreign Policy |eeng|w(CaOODSP)9.657413